000 00619nam a2200229Ia 4500
003 OSt
005 20221007075616.0
006 a|||||r|||| 00| 0
007 ta
008 221006b |||||||| |||| 00| 0 eng d
024 _a20,008
037 _cTextual
040 _aFLL
_cFLL
_beng
041 _2eng
_aeng
082 _aV1N45:5.N7, L7
100 _aKhare S.C.
_9694032
245 0 _aHuman rigths and united nations
260 _aNew Delhi
_bMetropolitan book co. pvt. ltd. India
_c1977
300 _a382p
_ccm.
942 _hV1N45:5.N7, L7
_cTEXL
_2CC
999 _c1156719
_d1156719